Disaster risk reduction training manual / (Record no. 452)
[ view plain ]
| 000 -LEADER | |
|---|---|
| fixed length control field | 00665nam a22001937a 4500 |
| 005 - DATE AND TIME OF LATEST TRANSACTION | |
| control field | 20221227022023.0 |
| 008 - FIXED-LENGTH DATA ELEMENTS--GENERAL INFORMATION | |
| fixed length control field | 221227b |||||||| |||| 00| 0 eng d |
| 020 ## - INTERNATIONAL STANDARD BOOK NUMBER | |
| International Standard Book Number | 978-621-8019-40-9 |
| 082 ## - DEWEY DECIMAL CLASSIFICATION NUMBER | |
| Classification number | Fil. 363.34 M743 2017 |
| 100 ## - MAIN ENTRY--PERSONAL NAME | |
| Personal name | Mogol, Adonis A. |
| Relator term | author |
| 245 ## - TITLE STATEMENT | |
| Title | Disaster risk reduction training manual / |
| Statement of responsibility, etc. | Adonis A. Mogol |
| 260 ## - PUBLICATION, DISTRIBUTION, ETC. | |
| Place of publication, distribution, etc. | Quezon City: |
| Name of publisher, distributor, etc. | Cronica Bookhaus, |
| Date of publication, distribution, etc. | c2017. |
| 300 ## - PHYSICAL DESCRIPTION | |
| Extent | iv, 138p.; |
| Other physical details | ill. |
| 490 ## - SERIES STATEMENT | |
| Series statement | K-12 OBE compliant |
| 500 ## - GENERAL NOTE | |
| General note | Includes bibliographical references |
| 541 ## - IMMEDIATE SOURCE OF ACQUISITION NOTE | |
| Accession number | 5256 c.1, 5257 c.2, 5258 c.3 |
| 650 ## - SUBJECT ADDED ENTRY--TOPICAL TERM | |
| Topical term or geographic name entry element | Disaster relief - Handbooks, manuals, etc. |
| 650 ## - SUBJECT ADDED ENTRY--TOPICAL TERM | |
| Topical term or geographic name entry element | Risk management - Handbooks, manuals, etc. |
| Withdrawn status | Lost status | Source of classification or shelving scheme | Damaged status | Not for loan | Home library | Current library | Date acquired | Total Checkouts | Full call number | Barcode | Date last seen | Copy number | Price effective from | Koha item type |
|---|---|---|---|---|---|---|---|---|---|---|---|---|---|---|
| Dewey Decimal Classification | ctu-moalboal | ctu-moalboal | 03/08/2018 | Fil. 363.34 M743 2017 | 5256 | 12/27/2022 | 1 | 12/27/2022 | Books-Filipiniana | |||||
| Dewey Decimal Classification | ctu-moalboal | ctu-moalboal | 03/08/2018 | Fil. 363.34 M743 2017 | 5257 | 12/27/2022 | 2 | 12/27/2022 | Books-Filipiniana | |||||
| Dewey Decimal Classification | ctu-moalboal | ctu-moalboal | 03/08/2018 | Fil. 363.34 M743 2017 | 5258 | 12/27/2022 | 3 | 12/27/2022 | Books-Filipiniana |